[Event "40th World Junior Girls"]
[Site "Gandhinagar IND"]
[Date "2024.06.06"]
[Round "5.33"]
[White "Cassi, Elisa"]
[Black "Hasini, Kamabathula"]
[Result "1-0"]
[WhiteTitle "WFM"]
[WhiteElo "2028"]
[BlackElo "1758"]
[WhiteFideId "2817220"]
[BlackFideId "25712837"]
[EventDate "2024.06.02"]

1. e4 e5 2. Nf3 Nc6 3. Bb5 a6 4. Ba4 Nf6 5. O-O b5 6. Bb3 Bc5 7. c3 d6 8. d4 Bb6
9. Be3 Bg4 10. Nbd2 exd4 11. cxd4 Nxd4 12. Bxd4 Bxd4 13. Bxf7+ Kxf7 14. Qb3+ Kf8
15. Nxd4 c5 16. Nf5 Bxf5 17. exf5 Qd7 18. a4 b4 19. Nc4 Qf7 20. Rad1 d5 21. Ne5
Qc7 22. Rfe1 Re8 23. f4 a5 24. g4 c4 25. Qe3 Rg8 26. g5 Ng4 27. Qd4 Nxe5 28.
fxe5 c3 29. bxc3 bxc3 30. Qxd5 Qa7+ 31. Kh1 Qa8 32. e6 Qxd5+ 33. Rxd5 Rc8 34.
Rc1 h6 35. Rxc3 Rxc3 36. Rd8+ Ke7 37. Rxg8 hxg5 38. Rxg7+ Kf8 39. f6 1-0

[Event "40th World Junior Girls"]
[Site "Gandhinagar IND"]
[Date "2024.06.06"]
[Round "5.34"]
[White "Sasvatha A"]
[Black "Kheerthi, Ganta"]
[Result "0-1"]
[WhiteTitle "WCM"]
[BlackTitle "WFM"]
[WhiteElo "1825"]
[BlackElo "1987"]
[WhiteFideId "45010862"]
[BlackFideId "25626280"]
[EventDate "2024.06.02"]

1. e4 c6 2. d4 d5 3. exd5 cxd5 4. c4 Nf6 5. Nc3 e6 6. Bg5 Be7 7. Nf3 O-O 8. c5
Nc6 9. Bb5 Ne4 10. Nxe4 dxe4 11. Bxc6 bxc6 12. Bxe7 Qxe7 13. Ne5 Ba6 14. Qd2 Qb7
15. b3 Rfd8 16. Qc3 Rd5 17. f3 exf3 18. Nxf3 Rad8 19. O-O-O Be2 20. Rd2 Bxf3 21.
gxf3 Qc7 22. Rhd1 Qf4 23. Kc2 h6 24. a4 Rh5 25. b4 Rxh2 26. Rxh2 Qxh2+ 27. Rd2
Qb8 28. Rg2 g6 29. Qd2 Kh7 30. Qc3 h5 31. Kb3 a6 32. Re2 Qf4 33. Re4 Qf5 34. b5
axb5 35. axb5 cxb5 36. Re5 Qb1+ 37. Qb2 Qxb2+ 38. Kxb2 Rxd4 39. c6 Rc4 40. Rxb5
Rxc6 41. Rb7 Kg7 0-1

[Event "40th World Junior Girls"]
[Site "Gandhinagar IND"]
[Date "2024.06.06"]
[Round "5.35"]
[White "Rejepova, Jahan"]
[Black "Benito De Leo, Estefania"]
[Result "1-0"]
[WhiteElo "1816"]
[BlackElo "1900"]
[WhiteFideId "14006480"]
[BlackFideId "5135311"]
[EventDate "2024.06.02"]

1. d4 Nf6 2. c4 e6 3. Nf3 d5 4. Bg5 dxc4 5. Nc3 c6 6. e4 b5 7. e5 h6 8. Bh4 g5
9. Nxg5 hxg5 10. Bxg5 Be7 11. exf6 Bxf6 12. Bxf6 Qxf6 13. g3 Bb7 14. Ne4 Qe7 15.
Nc5 Na6 16. Nxb7 Qxb7 17. Bg2 O-O-O 18. O-O Qb6 19. Qf3 Rxd4 20. Qxf7 Nc7 21.
Rad1 Kb7 22. Qf6 Rhd8 23. Rxd4 Qxd4 24. Qf3 Nd5 25. Qf7+ Kb6 26. Rb1 e5 27. Qf3
Re8 28. Qe2 e4 29. Rd1 Qe5 30. a4 a6 31. axb5 cxb5 32. Re1 Nf6 33. Qd2 Qc5 34.
Rd1 Ng4 35. h3 Ne5 36. Bxe4 Rg8 37. Qh6+ Nc6 38. Bxc6 Rxg3+ 39. Bg2+ 1-0

[Event "40th World Junior Girls"]
[Site "Gandhinagar IND"]
[Date "2024.06.06"]
[Round "5.36"]
[White "Asmita Avijit Ray"]
[Black "Padmini S"]
[Result "0-1"]
[WhiteElo "1692"]
[BlackElo "1872"]
[WhiteFideId "25786911"]
[BlackFideId "25782738"]
[EventDate "2024.06.02"]

1. d4 Nf6 2. Nf3 g6 3. c4 Bg7 4. g3 O-O 5. Bg2 d6 6. Nc3 c6 7. O-O Bf5 8. Ne1 e5
9. d5 c5 10. e4 Bd7 11. h3 Ne8 12. Nd3 Na6 13. a3 Nac7 14. b4 b6 15. Rb1 f5 16.
f3 Qe7 17. bxc5 dxc5 18. Nf2 Nd6 19. Qd3 Bc8 20. a4 Bd7 21. Bd2 Rfb8 22. f4 a6
23. Be3 Qe8 24. exf5 Bxf5 25. Be4 Nxe4 26. Ncxe4 Qxa4 27. g4 Bxe4 28. Nxe4 b5
29. fxe5 bxc4 30. Qd2 Bxe5 31. Rxb8+ Rxb8 32. d6 c3 33. dxc7 cxd2 34. Nf6+ Kg7
35. cxb8=Q Bxb8 0-1

[Event "40th World Junior Girls"]
[Site "Gandhinagar IND"]
[Date "2024.06.06"]
[Round "5.37"]
[White "Jesumarian, Rebecca"]
[Black "Natura, Bethi"]
[Result "1/2-1/2"]
[WhiteElo "1866"]
[BlackElo "1697"]
[WhiteFideId "35094831"]
[BlackFideId "25048864"]
[EventDate "2024.06.02"]

1. d4 Nf6 2. c4 e6 3. Nf3 d5 4. g3 Bb4+ 5. Bd2 Be7 6. Bg2 O-O 7. O-O Nbd7 8. Qc2
c5 9. cxd5 exd5 10. dxc5 Nxc5 11. Nd4 Be6 12. Nxe6 fxe6 13. Bh3 Qb6 14. Nc3 Rac8
15. Be3 Rc6 16. Bd4 Qc7 17. Rad1 Nce4 18. Qb3 Kh8 19. Nb5 Qa5 20. Nxa7 Ra6 21.
Qxb7 Bc5 22. Nc6 Qa4 23. Bxc5 Nxc5 24. Qe7 Re8 25. Qxc5 Rxc6 26. Rd4 Qa6 27. Qb4
Qxe2 28. Re1 Qa6 29. a4 h6 30. Bf1 Qa7 31. Bb5 Rb6 32. Qc5 Reb8 33. b4 Ne4 34.
Rdxe4 dxe4 35. Rxe4 Qb7 36. Re1 Rc8 37. Qh5 Rd6 38. Qe5 Rcd8 39. Qe4 Qb6 40. Qe3
Qb7 41. Qe4 Qb6 42. Re3 Rd1+ 43. Kg2 Qd6 44. Qxe6 Qxb4 45. Qg6 Qd4 46. Bc6 Qc4
47. Re8+ Rxe8 48. Qxe8+ Qg8 49. Qg6 Re1 50. Be4 Ra1 51. Bc2 Qa8+ 52. Kh3 Qc8+
53. Bf5 Qg8 54. Bc2 Qc8+ 55. Bf5 Qg8 56. Qc6 Qf8 57. Be4 Qd8 58. f4 Rd1 59. Qg6
Kg8 60. Qh7+ Kf7 61. Bg6+ Kf6 62. Bf5 Qe8 63. Bg4 Rd5 64. Qc2 Qd8 65. Qc6+ Rd6
66. Qe4 Qa5 67. Qe8 Qd5 68. f5 Qf7 69. Qb8 Qe7 70. a5 h5 71. Bxh5 Kxf5 72. a6
Kg5 73. Qb5+ Kh6 74. Bf3 g6 75. Qb7 Qe6+ 76. Bg4 Qf6 77. Qf3 Qxf3 78. Bxf3 Rxa6
79. g4 g5 80. Be4 Ra3+ 81. Kg2 Ra2+ 82. Kg3 Ra3+ 83. Kg2 Ra2+ 84. Kg3 Ra3+ 1/2-1/2

[Event "40th World Junior Girls"]
[Site "Gandhinagar IND"]
[Date "2024.06.06"]
[Round "5.38"]
[White "Pranavasri S"]
[Black "Shanmathi Sree S"]
[Result "0-1"]
[WhiteElo "1610"]
[BlackElo "1854"]
[WhiteFideId "33406758"]
[BlackFideId "25966413"]
[EventDate "2024.06.02"]

1. e4 c5 2. Nf3 d6 3. c3 Nf6 4. Bb5+ Bd7 5. Bxd7+ Nbxd7 6. Qe2 g6 7. d4 cxd4 8.
cxd4 e5 9. Nc3 Bg7 10. Nb5 O-O 11. O-O exd4 12. Nxd6 Ne5 13. Bf4 Nfg4 14. Nxe5
Nxe5 15. Bxe5 Bxe5 16. Nc4 d3 17. Qd2 Bxh2+ 18. Kxh2 Qc7+ 19. Nd6 Qxd6+ 20. f4
Qd4 21. Rf3 Rfd8 22. Rd1 Qxe4 23. f5 Rd5 24. Rdf1 Qe2 25. Qh6 d2 26. Kg1 d1=Q
27. f6 Qd4+ 28. R3f2 Qxf1+ 29. Kh2 Qe5+ 30. g3 Qxf2+ 31. Kh3 Qexg3# 0-1

[Event "40th World Junior Girls"]
[Site "Gandhinagar IND"]
[Date "2024.06.06"]
[Round "5.39"]
[White "Sindhusree K"]
[Black "Varshita Jain"]
[Result "1-0"]
[WhiteElo "1846"]
[BlackElo "1676"]
[WhiteFideId "46616411"]
[BlackFideId "25681907"]
[EventDate "2024.06.02"]

1. d4 Nf6 2. c4 e6 3. Nc3 d5 4. Nf3 Be7 5. Bg5 O-O 6. e3 h6 7. Bh4 b6 8. Qc2 Bb7
9. Bd3 a5 10. a3 c5 11. cxd5 Nxd5 12. Bxe7 Qxe7 13. O-O Nd7 14. Qe2 cxd4 15.
Nxd5 Bxd5 16. exd4 Nf6 17. Ne5 Rfd8 18. Rac1 Bb7 19. Rfd1 Nd5 20. Qd2 Qh4 21. g3
Qh5 22. Be4 Rac8 23. Bg2 Ba6 24. Nc6 Rd7 25. Re1 Rdc7 26. Re5 Qg4 27. Bxd5 Bb7
28. Ne7+ Rxe7 29. Bxb7 Rd8 30. Re4 Qf5 31. Rf4 Qb5 32. Bc6 1-0

[Event "40th World Junior Girls"]
[Site "Gandhinagar IND"]
[Date "2024.06.06"]
[Round "5.40"]
[White "Zarkym, Ailin"]
[Black "Disha U A"]
[Result "1/2-1/2"]
[WhiteElo "1721"]
[BlackElo "1660"]
[WhiteFideId "13753207"]
[BlackFideId "25915622"]
[EventDate "2024.06.02"]

1. e4 d6 2. d4 Nf6 3. Nc3 g6 4. g3 Bg7 5. Bg2 O-O 6. Nge2 e5 7. O-O exd4 8. Nxd4
Re8 9. h3 Bd7 10. f4 Nc6 11. Be3 Nxd4 12. Bxd4 c5 13. Bf2 Bc6 14. Qd3 Qc7 15. g4
a6 16. a4 Rab8 17. Rad1 Rbd8 18. f5 gxf5 19. gxf5 Kh8 20. Kh1 b5 21. axb5 axb5
22. Bh4 b4 23. Nd5 Bxd5 24. exd5 Rc8 25. Qc4 Re5 26. Bg3 Re7 27. Qa6 Rd8 28.
Rfe1 Nh5 29. Bh4 Bf6 30. Qc4 Rde8 31. Rxe7 Qxe7 32. Bxf6+ Qxf6 33. Qg4 Ng7 34.
Rf1 Re5 35. Be4 h6 36. Qf3 Qh4 37. Bd3 Qf6 1/2-1/2

[Event "40th World Junior Girls"]
[Site "Gandhinagar IND"]
[Date "2024.06.06"]
[Round "5.41"]
[White "Modipalli Deekshitha"]
[Black "Kirtadze, Anastasia"]
[Result "0-1"]
[BlackTitle "WFM"]
[WhiteElo "1678"]
[BlackElo "2142"]
[WhiteFideId "33389454"]
[BlackFideId "13622714"]
[EventDate "2024.06.02"]

1. d4 Nf6 2. c4 e6 3. Nc3 Bb4 4. Qc2 O-O 5. e4 d5 6. e5 Ne4 7. Bd3 c5 8. Nf3
cxd4 9. Nxd4 Nd7 10. Bf4 Ndc5 11. O-O Bxc3 12. bxc3 Bd7 13. Be2 Na4 14. cxd5
exd5 15. f3 Nec5 16. Rfd1 Rc8 17. Qd2 Ne6 18. Nxe6 Bxe6 19. Rdc1 Qc7 20. Bd1
Nxc3 21. Be3 b5 22. Bd4 b4 23. a3 a5 24. axb4 axb4 25. Bb3 Qc6 26. Kh1 Qb5 27.
Re1 Ra8 28. Rac1 Ra3 29. Qb2 Rfa8 30. Re3 h6 31. h3 Qb7 32. Kh2 Nb5 33. Rd3 Bf5
34. Re3 Nxd4 35. Qxd4 Qa7 36. Qxa7 R8xa7 37. f4 0-1

[Event "40th World Junior Girls"]
[Site "Gandhinagar IND"]
[Date "2024.06.06"]
[Round "5.42"]
[White "Mishra Riya"]
[Black "Barwinska, Ewa"]
[Result "0-1"]
[BlackTitle "WFM"]
[WhiteElo "1654"]
[BlackElo "2106"]
[WhiteFideId "35024868"]
[BlackFideId "21833761"]
[EventDate "2024.06.02"]

1. e4 c5 2. Nf3 e6 3. d4 cxd4 4. Nxd4 a6 5. Nc3 b5 6. Be3 Bb7 7. f3 Qc7 8. Qd2
Nf6 9. Nb3 Nc6 10. O-O-O Be7 11. Kb1 O-O 12. h4 b4 13. Na4 d5 14. Bb6 Qc8 15.
Bf2 Qe8 16. Nac5 Bc8 17. g4 dxe4 18. g5 e3 19. Qxe3 Nd5 20. Qe4 f5 21. Qe1 Qf7
22. Bc4 Rd8 23. Rg1 a5 24. h5 a4 25. g6 hxg6 26. hxg6 Qf6 27. Bxd5 exd5 28. Nc1
a3 29. N5d3 axb2 30. Nxb2 f4 31. Ncd3 Re8 32. Rh1 Qxg6 33. Nxf4 Qf7 34. Nxd5 Be6
35. Qe4 Bf5 36. Qc4 Ne5 37. Nxe7+ Rxe7 38. Qxf7+ Kxf7 39. f4 Ng4 40. Bc5 Rc7 41.
Bxb4 Bxc2+ 42. Ka1 Rca7 43. a4 Bxd1 44. Rxd1 Rxa4+ 0-1

[Event "40th World Junior Girls"]
[Site "Gandhinagar IND"]
[Date "2024.06.06"]
[Round "5.43"]
[White "Fang, Kun"]
[Black "Aditri Shome"]
[Result "0-1"]
[WhiteTitle "WCM"]
[WhiteElo "1803"]
[BlackElo "1620"]
[WhiteFideId "5819660"]
[BlackFideId "25164198"]
[EventDate "2024.06.02"]

1. e4 c6 2. d4 d5 3. exd5 cxd5 4. Bd3 Nc6 5. c3 Nf6 6. Bf4 Bg4 7. Qb3 Qc8 8. Nd2
e6 9. Ngf3 Be7 10. O-O O-O 11. Ne5 Nxe5 12. Bxe5 Bh5 13. Rac1 Bg6 14. Bxg6 hxg6
15. c4 Qd7 16. c5 Rac8 17. Qa3 Rc6 18. b4 Ra6 19. Qb3 Qb5 20. Ra1 Ra4 21. a3 a5
22. Nb1 Ne4 23. Rc1 Bg5 24. Rc2 axb4 25. f3 f6 26. h4 fxe5 27. hxg5 exd4 28.
fxe4 Qf1+ 29. Kh2 Rf4 30. Qg3 b3 31. Rb2 d3 32. Rxb3 Raxe4 33. Rb4 d4 0-1

[Event "40th World Junior Girls"]
[Site "Gandhinagar IND"]
[Date "2024.06.06"]
[Round "5.44"]
[White "Banker Reya"]
[Black "Deepak, Laksshana"]
[Result "0-1"]
[BlackTitle "WCM"]
[WhiteElo "1421"]
[BlackElo "1727"]
[WhiteFideId "25146491"]
[BlackFideId "25980548"]
[EventDate "2024.06.02"]

1. d4 Nf6 2. c4 e6 3. Nc3 Bb4 4. Nf3 d5 5. e3 O-O 6. Bd3 b6 7. O-O Ba6 8. cxd5
exd5 9. Bxa6 Nxa6 10. Qa4 Qc8 11. Ne5 Re8 12. Qb5 Re6 13. Nxd5 c6 14. Nxf6+ gxf6
15. Nxc6 Rxc6 16. e4 Bf8 17. Bf4 Nb4 18. d5 a6 19. Qe2 Rc2 20. Qh5 Nd3 21. Be3
Bc5 22. Bxc5 Nxc5 23. Qf3 Nd7 24. b3 Qc7 25. Rfe1 Rc8 26. h3 Qd6 27. Qg4+ Kh8
28. Qh5 Qf4 29. Rf1 Ne5 30. Rae1 Rg8 31. Re3 Qxe3 32. Kh1 Rxf2 33. Rg1 Qxe4 34.
d6 Rgxg2 35. Rxg2 Qxg2# 0-1

[Event "40th World Junior Girls"]
[Site "Gandhinagar IND"]
[Date "2024.06.06"]
[Round "5.45"]
[White "Durga Karthika Lellapalli"]
[Black "Prasiddhi Bhat"]
[Result "1-0"]
[WhiteElo "1631"]
[BlackElo "1715"]
[WhiteFideId "25130889"]
[BlackFideId "25602217"]
[EventDate "2024.06.02"]

1. e4 d5 2. exd5 Qxd5 3. Nc3 Qa5 4. d4 Nf6 5. Bd2 c6 6. h3 Bf5 7. g4 Bg6 8. f4
e6 9. Qe2 Be7 10. O-O-O h5 11. Nf3 hxg4 12. Ne5 Bf5 13. Rg1 g3 14. Rxg3 g6 15.
Qc4 Nbd7 16. Bd3 Bxd3 17. Rxd3 Qc7 18. Re1 Nxe5 19. dxe5 Nd7 20. Ne4 Nb6 21. Qb3
Nd7 22. Bc3 O-O 23. Rg1 Kg7 24. Rdg3 Rh8 25. Nd6 Nc5 26. Qc4 b6 27. b4 Nd7 28.
Qd3 Nf8 29. f5 Bh4 30. Rg4 g5 31. Rxg5+ Bxg5+ 32. Rxg5+ Ng6 33. fxg6 Qd8 34. Qg3
fxg6 35. Rxg6+ Kf8 36. Qf4+ Ke7 37. Qf7# 1-0

[Event "40th World Junior Girls"]
[Site "Gandhinagar IND"]
[Date "2024.06.06"]
[Round "5.46"]
[White "ANDHIN, tehjha Nidhi"]
[Black "Kriti, Mayur Patel"]
[Result "0-1"]
[BlackTitle "WCM"]
[WhiteElo "1361"]
[BlackElo "1691"]
[WhiteFideId "9700510"]
[BlackFideId "35061780"]
[EventDate "2024.06.02"]

1. d4 d5 2. Bf4 c5 3. e3 Nc6 4. Nf3 Bg4 5. c3 e6 6. Nbd2 cxd4 7. cxd4 Bd6 8. Bg3
Nge7 9. Be2 O-O 10. O-O f6 11. Re1 Rc8 12. a3 Bh5 13. Bd3 e5 14. dxe5 fxe5 15.
e4 d4 16. Qb3+ Kh8 17. Bc4 Na5 18. Qa2 Bxf3 19. Be6 Bh5 20. Bxc8 Qxc8 21. Rac1
Qd7 22. b4 Nac6 23. Nc4 b5 24. Nb2 a5 25. bxa5 Nxa5 26. Rc2 Bf7 27. Qa1 Nb3 28.
Qb1 Nc5 29. Bh4 Qa7 0-1

[Event "40th World Junior Girls"]
[Site "Gandhinagar IND"]
[Date "2024.06.06"]
[Round "5.47"]
[White "Cumacenko, Saule"]
[Black "Sagar, Siya"]
[Result "1-0"]
[WhiteElo "1595"]
[BlackElo "1732"]
[WhiteFideId "12835560"]
[BlackFideId "25098160"]
[EventDate "2024.06.02"]

1. e4 e5 2. Nf3 Nc6 3. Nc3 Nf6 4. d4 exd4 5. Nxd4 Nxd4 6. Qxd4 d6 7. Be3 Be7 8.
O-O-O O-O 9. f3 Be6 10. g4 Nd7 11. Be2 Ne5 12. Rdg1 Bf6 13. Qd2 Nc4 14. Bxc4
Bxc4 15. g5 Be7 16. f4 b5 17. h4 b4 18. Nd5 Bxd5 19. exd5 f5 20. h5 a5 21. Qd4
Qe8 22. h6 Qf7 23. hxg7 Qxg7 24. Qd3 Rfe8 25. Bd4 Qf8 26. g6 Bf6 27. gxh7+ Kf7
28. Bxf6 Kxf6 29. Qd4+ Kf7 30. h8=Q Qxh8 31. Rxh8 Rxh8 1-0

[Event "40th World Junior Girls"]
[Site "Gandhinagar IND"]
[Date "2024.06.06"]
[Round "5.48"]
[White "Asudani Ruhani Raj"]
[Black "Prakash Vaishnavi"]
[Result "0-1"]
[WhiteElo "1645"]
[BlackElo "1632"]
[WhiteFideId "25697463"]
[BlackFideId "46660445"]
[EventDate "2024.06.02"]

1. d4 d5 2. c4 e6 3. cxd5 exd5 4. Nc3 Nf6 5. Bg5 c6 6. e3 h6 7. Bh4 Be7 8. Bd3
Nbd7 9. Qc2 O-O 10. Nf3 Re8 11. O-O Nf8 12. h3 Ne4 13. Bxe7 Qxe7 14. Bxe4 dxe4
15. Nd2 f5 16. Rab1 Ne6 17. b4 a6 18. a4 Qf7 19. b5 axb5 20. axb5 Ng5 21. bxc6
bxc6 22. Ne2 Ba6 23. Qd1 Bd3 24. Rb2 Ne6 25. Re1 c5 26. dxc5 Nxc5 27. Nc1 Red8
28. Rb4 Ra1 29. f3 Ba6 30. Rd4 Rxd4 31. exd4 Nd3 32. Ndb3 Rb1 33. Qc2 Rxb3 34.
Nxb3 Nxe1 35. Qc3 exf3 36. Nc5 Qa2 37. Qb3+ Qxb3 38. Nxb3 fxg2 39. Nd2 Bf1 40.
d5 0-1

[Event "40th World Junior Girls"]
[Site "Gandhinagar IND"]
[Date "2024.06.06"]
[Round "5.49"]
[White "Falak Joni Naik"]
[Black "Radhika Sharma"]
[Result "0-1"]
[WhiteElo "1653"]
[BlackElo "1651"]
[WhiteFideId "45069310"]
[BlackFideId "33398666"]
[EventDate "2024.06.02"]

1. d4 Nf6 2. Nf3 e6 3. e3 d5 4. Bd3 c5 5. b3 cxd4 6. exd4 Nc6 7. a3 Qa5+ 8. Bd2
Qc7 9. O-O Be7 10. Bc3 O-O 11. Bb2 Bd6 12. c4 e5 13. cxd5 Nxd4 14. Nxd4 exd4 15.
h3 Be5 16. Nd2 Nxd5 17. Re1 Nf4 18. Nc4 Bf6 19. Bxd4 Bxd4 20. Bxh7+ Kxh7 21.
Qxd4 Ng6 22. Ne5 Bf5 23. g4 Rad8 24. Qe3 Nxe5 25. gxf5 Rfe8 26. Qg3 Qa5 27. Re4
Rd3 0-1

[Event "40th World Junior Girls"]
[Site "Gandhinagar IND"]
[Date "2024.06.07"]
[Round "6.1"]
[White "Allahverdiyeva, Ayan"]
[Black "Divya, Deshmukh"]
[Result "0-1"]
[WhiteTitle "WIM"]
[BlackTitle "IM"]
[WhiteElo "2133"]
[BlackElo "2456"]
[WhiteFideId "13412590"]
[BlackFideId "35006916"]
[EventDate "2024.06.02"]

1. e4 c5 2. Nf3 d6 3. d4 cxd4 4. Nxd4 Nf6 5. Nc3 a6 6. h3 e5 7. Nf3 Be7 8. g4 h6
9. Be3 Be6 10. g5 hxg5 11. Nxg5 Bg4 12. hxg4 Rxh1 13. Qf3 Rxf1+ 14. Kxf1 Qd7 15.
Nd5 Bd8 16. Qh3 Qb5+ 17. Kg1 Nxd5 18. Qh8+ Kd7 19. Nxf7 Nc6 20. exd5 Qxd5 21.
Qxg7 Be7 22. Nh6 Rf8 23. Qh7 Nd4 24. Bxd4 Qxd4 25. Rf1 Rf6 26. Qg7 Rf4 27. Kg2
Qd5+ 28. f3 e4 29. Nf5 exf3+ 30. Kg3 Re4 31. Rxf3 Qd2 32. Rf2 Qd1 33. Rg2 Qh1
34. Qc3 Rxg4+ 35. Kxg4 Qxg2+ 36. Ng3 Qd5 37. Qb3 Qd4+ 38. Kf3 Kc7 39. Nf5 Qd1+
40. Ke4 Qg4+ 41. Ke3 Bg5+ 42. Kf2 Qxf5+ 43. Ke2 Qe4+ 44. Kd1 Qh1+ 45. Ke2 Qg2+ 0-1

[Event "40th World Junior Girls"]
[Site "Gandhinagar IND"]
[Date "2024.06.07"]
[Round "6.2"]
[White "Mrittika Mallick"]
[Black "Mkrtchyan, Mariam"]
[Result "0-1"]
[BlackTitle "WIM"]
[WhiteElo "2076"]
[BlackElo "2300"]
[WhiteFideId "25902997"]
[BlackFideId "13310828"]
[EventDate "2024.06.02"]

1. e4 e5 2. Nc3 Nf6 3. Bc4 Bc5 4. d3 c6 5. Nf3 d6 6. O-O O-O 7. Bg5 h6 8. Bh4
Nbd7 9. Bb3 Bb6 10. Nd2 g5 11. Bg3 Nc5 12. Nc4 Ne6 13. Nxb6 Qxb6 14. Kh1 Kg7 15.
Nb1 a5 16. a4 Nd4 17. Nd2 Nxb3 18. Nc4 Qc7 19. cxb3 Be6 20. Qe1 Bxc4 21. dxc4
Nd7 22. b4 axb4 23. Qxb4 Ra6 24. Rfd1 c5 25. Qd2 Rfa8 26. h4 Kg6 27. Ra3 Nf8 28.
hxg5 hxg5 29. Rd3 Ne6 30. b3 Nd4 31. Bh2 Rh8 32. Rg1 f6 33. Qd1 Qd7 34. Re1 Raa8
35. Ree3 Rh4 36. Rh3 Rah8 37. Rxh4 Rxh4 38. Re3 Qh7 39. Qg1 g4 40. a5 Kf7 41.
Re1 Ke6 42. Re3 Kd7 43. Re1 Kc7 44. Re3 Rh5 45. Re1 f5 46. exf5 Nxf5 47. g3 Nd4
48. Re3 Nf3 49. Rxf3 Qe4 50. Qa1 Qxf3+ 51. Kg1 Rf5 52. Qe1 e4 53. a6 bxa6 54.
Qa5+ Kd7 55. Qe1 e3 56. fxe3 Re5 57. Qb1 Qxe3+ 58. Kf1 Qf3+ 59. Kg1 Re2 0-1

[Event "40th World Junior Girls"]
[Site "Gandhinagar IND"]
[Date "2024.06.07"]
[Round "6.3"]
[White "Krasteva, Beloslava"]
[Black "Norman, Kseniya"]
[Result "0-1"]
[WhiteTitle "FM"]
[WhiteElo "2289"]
[BlackElo "2134"]
[WhiteFideId "2922029"]
[BlackFideId "13518780"]
[EventDate "2024.06.02"]

1. d4 Nf6 2. c4 g6 3. Nc3 d6 4. e4 Nbd7 5. Bd3 Bg7 6. Nge2 O-O 7. Ng3 c6 8. O-O
e5 9. d5 cxd5 10. cxd5 Nc5 11. Be2 a5 12. Rb1 Bd7 13. Be3 h5 14. f3 h4 15. Nh1
Nh5 16. Qd2 f5 17. Nf2 b6 18. exf5 gxf5 19. f4 Nxf4 20. Bxf4 exf4 21. Nh3 Be5
22. Bf3 Qf6 23. Rbd1 Qh6 24. Rfe1 Rae8 25. Kh1 Kh8 26. Qc2 Ne4 27. Ne2 Rc8 28.
Qb3 b5 29. Nd4 a4 30. Qd3 Rc4 31. Nc6 Bxb2 32. Ne7 Nc5 33. Qb1 Bc3 34. Re2 Qf6
35. Nc6 b4 36. Rc1 Rc8 37. Rf2 Re8 38. Na5 Rd4 39. Rff1 Bb5 40. Nc6 Bd3 41. Rc2
Bxf1 42. Rxc3 bxc3 43. Nxd4 Qxd4 44. Qxf5 Qe5 45. Qg6 Bd3 0-1

[Event "40th World Junior Girls"]
[Site "Gandhinagar IND"]
[Date "2024.06.07"]
[Round "6.4"]
[White "Wikar, Martyna"]
[Black "Sachi Jain"]
[Result "1/2-1/2"]
[WhiteTitle "WIM"]
[BlackTitle "WFM"]
[WhiteElo "2272"]
[BlackElo "2124"]
[WhiteFideId "21807663"]
[BlackFideId "25974050"]
[EventDate "2024.06.02"]

1. e4 e6 2. d4 d5 3. Nc3 Bb4 4. Ne2 dxe4 5. a3 Bxc3+ 6. Nxc3 Nc6 7. Bb5 Ne7 8.
Bg5 f6 9. Be3 O-O 10. Qd2 a6 11. Bxc6 Nxc6 12. Nxe4 e5 13. d5 Nd4 14. Nc3 Bf5
15. Rc1 Nb5 16. Ne2 Qd7 17. O-O Rad8 18. Rfd1 Nd6 19. c4 Qa4 20. Qc3 Ne4 21. Qb4
Qxb4 22. axb4 Bg6 23. b3 f5 24. f3 Nf6 25. Bg5 Rd7 26. Nc3 h6 27. Bxf6 Rxf6 28.
Re1 Re7 29. c5 Bf7 30. Rcd1 Re8 31. b5 a5 32. Rd2 b6 33. Rde2 bxc5 34. Rxe5 Rd8
35. Ra1 Rfd6 36. Rxa5 Bxd5 37. Rxf5 Bxb3 38. Rxc5 Rc8 39. Ra3 Be6 40. Ra7 c6 41.
Ra6 Bd7 42. Kf2 Rd2+ 43. Ke3 Rxg2 44. bxc6 Rxc6 45. Raxc6 Bxc6 46. Rxc6 Rxh2 47.
Ne4 Rh1 48. Kf4 Rh5 49. Rc7 Rh1 50. Kf5 Rg1 51. f4 Rf1 52. Kg6 Rg1+ 53. Ng5 Kf8
54. Rc8+ Ke7 55. Kxg7 hxg5 56. f5 Rf1 57. Rf8 g4 58. f6+ Ke6 59. f7 Kf5 60. Ra8
Kg5 61. Ra1 Rxf7+ 62. Kxf7 g3 63. Ke6 Kf4 64. Rf1+ Ke3 65. Kf5 g2 66. Ra1 Kf2
67. Kf4 g1=Q 68. Ra2+ Ke1 69. Ra1+ Kf2 70. Rxg1 Kxg1 1/2-1/2

[Event "40th World Junior Girls"]
[Site "Gandhinagar IND"]
[Date "2024.06.07"]
[Round "6.5"]
[White "Balabayeva, Xeniya"]
[Black "Kashthuri, Bhai R"]
[Result "1/2-1/2"]
[WhiteTitle "WIM"]
[WhiteElo "2246"]
[BlackElo "1765"]
[WhiteFideId "13719688"]
[BlackFideId "25611607"]
[EventDate "2024.06.02"]

1. d4 Nf6 2. Bf4 e6 3. e3 b6 4. Qf3 Nc6 5. Nd2 Bb7 6. c3 a6 7. e4 Ne7 8. Bd3 Ng6
9. Ne2 d6 10. Bg5 Be7 11. h4 h5 12. Qg3 e5 13. O-O-O Qd7 14. f4 exf4 15. Nxf4
Nxf4 16. Bxf4 O-O-O 17. Rhf1 Kb8 18. Bg5 Rhe8 19. Rde1 Rf8 20. Qf4 Ng4 21. Bxe7
Qxe7 22. g3 f6 23. Qf5 Bc8 24. Qxh5 Rh8 25. Qd5 Be6 26. Qc6 Bd7 27. Qd5 Be6 28.
Qc6 Bd7 29. Qd5 Be6 30. Qc6 Bd7 1/2-1/2

[Event "40th World Junior Girls"]
[Site "Gandhinagar IND"]
[Date "2024.06.07"]
[Round "6.6"]
[White "Abdinova, Narmin"]
[Black "Rindhiya, V"]
[Result "1-0"]
[BlackTitle "WFM"]
[WhiteElo "2121"]
[BlackElo "1965"]
[WhiteFideId "13425340"]
[BlackFideId "25040529"]
[EventDate "2024.06.02"]

1. e4 e5 2. Nf3 Nc6 3. Bc4 Bc5 4. O-O Nf6 5. d4 Bxd4 6. Nxd4 Nxd4 7. f4 d6 8.
fxe5 dxe5 9. Bg5 Qe7 10. Na3 Be6 11. c3 Bxc4 12. Nxc4 Ne6 13. Bxf6 Qc5+ 14. Kh1
gxf6 15. Qd5 Rd8 16. Qxc5 Nxc5 17. Rxf6 Nxe4 18. Rf5 f6 19. g4 Ke7 20. Raf1 Rhf8
21. Rh5 Rf7 22. Re1 Nf2+ 23. Kg1 Nd3 24. Re3 Rd5 25. a4 a6 26. b4 b5 27. axb5
axb5 28. Na5 Kd6 29. Rh6 Nf4 30. Nb7+ Kc6 31. Nc5 Rd1+ 32. Kf2 Rd2+ 33. Kf3 Rd5
34. Ne4 Ng6 35. Kg2 Rd1 36. Rf3 Kd5 37. Nxf6+ Kc4 38. g5 Nf4+ 39. Kf2 Nd3+ 40.
Ke2 Nb2 41. Rxh7 Rxh7 42. Nxh7 Rh1 43. g6 e4 44. Rh3 Nd3 45. Kd2 e3+ 46. Kxe3
Rg1 47. Rg3 Rxg3+ 48. hxg3 Ne5 49. g7 Ng4+ 50. Kd2 Nh6 51. Nf6 1-0